Quizzes
Events
Quiz Creation
Community
Videos
Private Events
Remove Ads
Sign In
Join for FREE
Feedback
Dark Mode
Quiz Categories
Sports
Geography
Music
Movies
Television
Just For Fun
Miscellaneous
History
Literature
Language
Science
Gaming
Entertainment
Religion
Holiday
For Kids
Quiz Lab
Recent
Popular Today
Quiz Kudos Today
Editor Picks
Curator Picks
Quizzes by...
Day
Popularity
Type
Ratings
Length
Year
Community
Subscriptions
Recent Discussions
Orange Saloon
Badges
Playlists
Quests
Create
Leaderboards
Showdown
Live 5
Trivia Bingo
Activity
Puzzle Library
Sporcle Events
Private Events
Virtual Trivia
Globe League
Become a Host
Pub Owners
SporcleCon
Opinionation
Our Games
Videos
Blog
Mobile Apps
Partnerships
Remove Ads and Go Orange
Feedback
Television
TV Characters
TV Show
Sitcom
Network
Friends
Reality Shows
Cast
South Park
Star Trek
The Simpsons
Doctor Who
Television
TV Characters
TV Show
Sitcom
Network
Friends
Reality Shows
Cast
South Park
Star Trek
The Simpsons
Doctor Who
Random Quiz
Search Sporcle
×
Quiz Lab
Quiz Lab
Television
shake
Type in answers that appear in a list
Type in answers that appear in a list
Classic
Best Score? Go Orange.
Shake it Up Trivia Stats
Can you name the Trivia answers?
By
KydWykkyd
4m
27 Questions
742 Plays
742 Plays
742 Plays
Comments
Comments
Give Quiz Kudos
Give Quiz Kudos
-
- Ratings
hide this ad
Replay
Link that replays current quiz
Next Quiz
Link to next quiz in quiz playlist
You Got
0%
They Got
Avg Score
31%
Avg Friend Score
Upgrade to see
Score Distribution
Jump to the score distribution portion of the page
Score
0/27
Timer
04:00
0
Plays Today
Hint
Answer
% Correct
Who froze in the spotlight of the auditions to get into the shake it up Chicago?
Cece
97.6%
Who had the key to the handcuffs in the first episode?
Flynn
69.9%
Who drank Rockys spit out milk?
Flynn
69.9%
Enemie twins
Tinka
62.9%
Enemie twins
Gunther
56.2%
Who is Deuces girlfriend?
Dina
47.8%
Best friend of big brother
Deuce
47.6%
Host of Shake it up
Gary Wilde
41.1%
One of 2 main characters
Cece Jones
40.6%
What type of dance video did Ty, Flynn, and deuce make?
Zombie
37.2%
What is Cece's real name?
Cecelia
36.1%
Main character little brother
Flynn Jones
34.2%
One of 2 main characters
Rocky Bleu
28.6%
Main character big brother
Ty Bleu
27.4%
Hint
Answer
% Correct
What color hair did the real Duncan sisters have?
Black
22.6%
What show mixed with Shake it Up?
Good Luck Charlie
22%
What meal did Rocky need to eat to get her meal for free?
10 pound meatball
17.7%
What restaurant did rocky go to to show how generous they were to Deuce and Ty?
The olive pit
17.1%
What other two people did the generation dance with Cece and Rocky?
Ronnie and angie
12.4%
What zombie show did Ty, Deuce, and Flynn make?
Zombie Idol
11.6%
How do Cece and Rocky get to each others apartment?
The fire escape
11.5%
What does Flynn think is in the kitchen cabinet?
Madonna
11.2%
Who was Deuces first Girlfriend?
Savanna
10.6%
How much money do rocky and Cece have left on their debit card at the restaurant?
16 dollars
5.7%
What does Deuce have to do to date Dina?
Be Honest
5.4%
What do rocky and Cece call cereal and milk in a bag?
A special breakfast
5%
Who are lonelyboy and glitter girl?
Tinka and gunthers cousins
3%
Quiz Playlist
Details
Report
Send in Message
Add To Playlist
Classic:
Type in answers that appear in a list
Last Updated: Jan 28, 2019
Quiz Scoreboard
CHALLENGE
Sign Up to Join the Scoreboard
Show All
Scores
Hide
Comments
May contain spoilers
Recently Published
Popular People in 1961
by mucciniale
History
6m
1-10 Letter E Words III
by El_Dandy
Language
2m
One Thing in Common: World Cities II
by knightlancer
Geography
7m
More to Explore
Quiz From the Vault
Featured Blog Post
Where Did the Easter Bunny Come From?
hide this ad
You Might Also Like...
Tags
Character
shake
Today's Top Quizzes in Television
Browse Television
hide this ad
Today's Top Quizzes in shake
Browse shake
Top Contributed Quizzes in Television
1
One Piece Logic Puzzle
2
Survivor Logic Puzzle: Heroes vs. Villains
3
Survivor Seasons
4
Survivor Season by Logo
5
Survivor Trivia
6
Survivor Logic Puzzle: Winners at War
7
Ultimate Survivor Logic Puzzle
8
Phoebe Buffay Quotes
9
One Thing in Common: Television
10
Who Wants to Be a Millionaire?
Explore More
Trending Topics
Kpop
Disney
NBA
Anime
Harry Potter
Crossword
Marvel
The Office
Song
Country
Pokémon
Puzzle
Soccer
NFL
WWE
hide this ad
More By:
KydWykkyd
Quiz
Plays
Rating
Category
Featured
Created
Total Drama Island Character Trivia
14,747
3.73
Television
Dec 16, 2012
Stranger Things: Eleven
12,281
3.77
Television
Aug 23, 2016
Are You A Total Drama Freak?
8,999
5.00
Television
Dec 14, 2013
Total Drama Ultimate Quiz
7,580
4.00
Television
Jun 11, 2013
Doctor Who Trivia
6,883
2.35
Television
Dec 15, 2012
Go to Creator's Profile
Score Distribution
Quiz Creator Spotlight
KydWykkyd
Follow
Send a Message
Quizzes Created
-
Created Quiz Play Count
-
More By This Creator
Popular Quizzes Today
1
Find the US States - No Outlines Minefield
2
Find the Countries of Europe - No Outlines Minefield
3
The Countries of the World
4
Popular People in 1961
5
1-10 Letter E Words III
6
Find the US States
7
One Thing in Common: World Cities II
8
US States
More Television Quizzes
TV Shows Cut Off at 'H'
Published
Trending Quizzes
Risky Map Clicking: Least Populous States A-Z
1-10 Letter F Words
1-10 Letter G Words
One Thing in Common: United Kingdom
Risky Map Clicking: Next State Alphabetically
Recently Updated
Leaping Animals
pecheneg
Reality TV Shows (A-Z)
bhenderson79
Rickey Henderson's Hall of Fame Teammates
pecheneg
Champions League XIs: Arsenal
pecheneg
Quick Pick: Celebrities in WWE's Hall of Fame
aduchscher
A-Z Keypad Blitz II
pecheneg
Multiple Oscar Actors
pecheneg
Mystery Phrase Blitz: Oscar 'Best Actors'
pecheneg
F. Scott Fitzgerald Novels
LTH
Pick 3 Villains
ddd62291
Trending Topics
Marvel
Disney
NBA
Harry Potter
Kpop
Crossword
Anime
Puzzle
Soccer
The Office
NFL
Pokémon
Song
Country
WWE
Your Account Isn't Verified!
In order to create a playlist on Sporcle, you need to verify the email address you used during registration. Go to your
Sporcle Settings
to finish the process.
Report this User
Report this user for behavior that violates our
Community Guidelines
.
Details:
Send Report
Go to the Sporcle.com Mobile Site →
Comments